000 00224nam a22000857a 4500
008 161128b xxu||||| |||| 00| 0 eng d
100 _91487
_aKen ham
245 _aThe great dinosaure mystery
260 _aAmerica
_bMaster Books
_c1998
999 _c4212
_d4212